📖150 premiers mots "L'ami retrouvé" Fred Uhlman - Statistiques

Statistiques générales
  • Ce quiz a Ă©tĂ© pris 14 fois
  • Le rĂ©sultat moyen est 76 sur 150
Statistiques - réponses
Mots % Correct
a
100%
Ă 
100%
Karl Alexander
100%
l'
100%
le
100%
Luther
100%
Stuttgart,
100%
et
88%
était
88%
Il
88%
J'
88%
Je
88%
la
88%
ma
88%
n'
88%
au
75%
C'
75%
ce
75%
Charles Quint, ...
75%
d'
75%
de
75%
des
75%
en
75%
Gymnasium
75%
les
75%
me
75%
mon
75%
ou
75%
oĂą,
75%
oĂą
75%
Plus
75%
plus
75%
que
75%
qui
75%
se
75%
un
75%
une
75%
dans
63%
du
63%
par
63%
pour
63%
1932
50%
entra
50%
étais
50%
fois,
50%
garçon
50%
grand
50%
jamais
50%
jour
50%
première
50%
sans
50%
1521,
38%
année
38%
aussi
38%
février
38%
heure
38%
quart
38%
vie
38%
Wurtemberg,
38%
après
25%
après-
25%
depuis
25%
deux
25%
eux
25%
heures
25%
hiver
25%
journée
25%
jours,
25%
jours
25%
midi,
25%
passé
25%
posa
25%
regard
25%
siècle
25%
sortir.
25%
sur
25%
trois
25%
allemand.
13%
années
13%
anniversaire,
13%
entre
13%
journées
13%
lors,
13%
lycée
13%
mille
13%
parut
13%
puis
13%
rappeler
13%
seizième
13%
sombre
13%
allait
0%
arbre
0%
bonheur
0%
contribuait
0%
décousues,
0%
désespoir.
0%
desséchées
0%
devant
0%
devenir
0%
effort
0%
espérance
0%
fastidieuses
0%
feuilles
0%
fondé
0%
grise
0%
mort.
0%
morts
0%
neuf
0%
nombre
0%
rendre
0%
renommé
0%
sentiment
0%
source
0%
travail
0%
vides,
0%
Aucun quiz correspondant
Distribution des résultats
% des personnes avec chaque résultat
Percentile par nombre de réponses
Votre historique - résultats
Vous n’avez pas pris ce quiz